000
00255nam a2200097Ia 4500
001
1075743
005
20250827002244.0
008
250824s9999 xx 000 0 und d
245
0
_a
FUZULİ NE DEMEK İSTEDİ
_c
İHSAN FAZLIOĞLU
260
_b
KETEBE YAYINLARI
999
_c
1075743
_d
1075743